| 000 | 00511 a2200169 4500 | ||
|---|---|---|---|
| 003 | OSt | ||
| 005 | 20231121145559.0 | ||
| 008 | 231121b |||||||| |||| 00| 0 eng d | ||
| 020 | _a9788123918785 | ||
| 040 | _coclc | ||
| 082 |
_a574.028 _bABH/I |
||
| 100 |
_aM, Abhilash _99914 |
||
| 245 |
_aIntroduction to bioinformatics and microarray technology / _cAbhilash M |
||
| 260 |
_aNew Delhi: _bCBS Publishers, _c2010. |
||
| 300 | _a203p | ||
| 942 |
_2ddc _cBK _h574.028 _iABH/I _k574.028 _mABH/I |
||
| 999 |
_c43664 _d43664 |
||